| 000 | 01180cam a22003257a 4500 | ||
|---|---|---|---|
| 003 | CHAP | ||
| 005 | 20220329142228.0 | ||
| 008 | 000307d1995 mx r 00010 spa d | ||
| 010 | _a80208 | ||
| 011 | _a81180 | ||
| 035 | _a91642 | ||
| 040 | _cCHAP | ||
| 090 | _aFolleto 15807 | ||
| 100 | 0 | 0 |
_aValdovinos Chávez, Víctor Rafael. _9117389 |
| 245 | 4 |
_aLos multiplicadores de Lagrange en economía : _b(aspectos conceptuales y metodológicos) _c/por Víctor R. Valdovinos Chávez |
|
| 260 |
_aChapingo, Méx. : _bUACH. Departamento de Economía Agrícola, _c1995. |
||
| 300 | _a18 p. | ||
| 590 |
_aBATCH-UPD _b10 _c20130110 _lUCH01 _h1910 |
||
| 590 |
_aBATCH-UPD _b10 _c20130410 _lUCH01 _h1237 |
||
| 590 |
_aBATCH-UPD _b10 _c20130914 _lUCH01 _h2044 |
||
| 590 |
_aCONVERSION _b10 _c20130109 _lUCH01 _h1345 |
||
| 650 | 1 | 4 |
_aTeorías económicas. _9112319 |
| 901 | _aBK | ||
| 905 | _aLilia Sánchez G. | ||
| 942 | _cFOLL | ||
| 949 |
_aFolleto 15807 _bBC _cFOLL _d916421 _eTS1 _i91642 _sb |
||
| 949 |
_aFolleto 15807 _bBC _cFOLL _d916422 _eTS2 _fc.2 _i91642 _sb |
||
| 949 |
_aFolleto 15807 _bBC _cFOLL _d916423 _eTS2 _fc.3 _i91642 _sb |
||
| 949 |
_aFolleto 15807 _bBC _cUACH _d916424 _eUACH _fc.4 _i91642 _sb |
||
| 999 |
_c80208 _d80208 |
||